| 000 | 00431cam a22001577a 4500 | ||
|---|---|---|---|
| 005 | 20250901165816.0 | ||
| 008 | 080317s2007 ke 000 0 eng | ||
| 010 | _a 2008349300 | ||
| 020 | _a9966494545 | ||
| 050 | 0 | 0 | _aPR 9379.9 .L59 2007 |
| 100 | 1 | _aLiyong, Taban lo. | |
| 245 | 1 | 0 |
_aShowhat and sowhat / _cTaban Lo Liyong. |
| 260 |
_aNairobi : _bSasa Sema Publications, _c2007. |
||
| 300 |
_avi, 90 p. ; _c21 cm. |
||
| 942 | _2lcc | ||
| 999 |
_c9493 _d9493 |
||